000 00265nam a22001217a 4500
008 170630b xxu||||| |||| 00| 0 eng d
041 _aeng
080 _a611
100 _a7
101 _aSHM
245 _aINTRODUCTION TO AUDIOLOGY
_cMARTIN, F.N
942 _2udc
_cBK
999 _c19821
_d19821